000 00284nam a22001337a 4500
008 171002b xxu||||| |||| 00| 0 eng d
020 _a2901429261554
041 _aeng
080 _a159.9
100 _a48
101 _aPSI
245 _aPSYCHOLOGY
_cGRIGGS, R.A
942 _2udc
_cBK
999 _c31241
_d31241